Communication Skills in Pharmacy Practice : (Record no. 16769)
[ view plain ]
| 000 -LEADER | |
|---|---|
| fixed length control field | 01858cam a22003618a 4500 |
| 001 - CONTROL NUMBER | |
| control field | 16817908 |
| 005 - DATE AND TIME OF LATEST TRANSACTION | |
| control field | 20150528162018.0 |
| 008 - FIXED-LENGTH DATA ELEMENTS--GENERAL INFORMATION | |
| fixed length control field | 110607s2013 pau b 001 0 eng |
| 020 ## - INTERNATIONAL STANDARD BOOK NUMBER | |
| International Standard Book Number | 9781608316021 |
| 035 ## - SYSTEM CONTROL NUMBER | |
| System control number | (DNLM)101562131 |
| 040 ## - CATALOGING SOURCE | |
| Original cataloging agency | DNLM/DLC |
| Transcribing agency | DLC |
| 082 00 - DEWEY DECIMAL CLASSIFICATION NUMBER | |
| Classification number | 615.1 |
| Edition number | 23 |
| Item number | COM |
| 245 00 - TITLE STATEMENT | |
| Title | Communication Skills in Pharmacy Practice : |
| Remainder of title | a Practical Guide for Students and Practitioners / |
| Statement of responsibility, etc | [edited by] Robert S. Beardsley, Carole L. Kimberlin, William N. Tindall. |
| 250 ## - EDITION STATEMENT | |
| Edition statement | 6th ed. |
| 260 ## - PUBLICATION, DISTRIBUTION, ETC. (IMPRINT) | |
| Place of publication, distribution, etc | Philadelphia, PA : |
| Name of publisher, distributor, etc | Wolters Kluwer/Lippincott Williams & Wilkins, |
| Date of publication, distribution, etc | c2013. |
| 263 ## - PROJECTED PUBLICATION DATE | |
| Projected publication date | 1109 |
| 300 ## - PHYSICAL DESCRIPTION | |
| Extent | 256 p. ; |
| Dimensions | 18 cm. |
| 504 ## - BIBLIOGRAPHY, ETC. NOTE | |
| Bibliography, etc | Includes bibliographical references and index. |
| 505 0# - FORMATTED CONTENTS NOTE | |
| Formatted contents note | Patient-centered communication in pharmacy practice -- Principles and elements of interpersonal communication -- Nonverbal communication -- Barriers to communication -- Listening and empathic responding -- Assertiveness -- Interviewing and assessment -- Helping patients manage therapeutic regimens -- Medication safety and communication skills -- Strategies to meet specific needs -- Communicating with children about medicines -- Interprofessional collaboration and effective communication skills -- Electronic communication in health care -- Ethical behavior when communicating with patients. |
| 541 ## - IMMEDIATE SOURCE OF ACQUISITION NOTE | |
| Source of acquisition | Donation from Baccah |
| 650 #0 - SUBJECT ADDED ENTRY--TOPICAL TERM | |
| Topical term or geographic name as entry element | Communication in pharmacy. |
| 9 (RLIN) | 30127 |
| Source of heading or term | BUEsh |
| 650 #0 - SUBJECT ADDED ENTRY--TOPICAL TERM | |
| Topical term or geographic name as entry element | Pharmacist and patient. |
| 9 (RLIN) | 30128 |
| Source of heading or term | BUEsh |
| 650 12 - SUBJECT ADDED ENTRY--TOPICAL TERM | |
| Topical term or geographic name as entry element | Communication. |
| 9 (RLIN) | 30129 |
| Source of heading or term | BUEsh |
| 650 12 - SUBJECT ADDED ENTRY--TOPICAL TERM | |
| Topical term or geographic name as entry element | Pharmacists. |
| 9 (RLIN) | 30130 |
| Source of heading or term | BUEsh |
| 650 22 - SUBJECT ADDED ENTRY--TOPICAL TERM | |
| Topical term or geographic name as entry element | Professional-Patient Relations. |
| 9 (RLIN) | 30131 |
| Source of heading or term | BUEsh |
| 651 ## - SUBJECT ADDED ENTRY--GEOGRAPHIC NAME | |
| Source of heading or term | BUEsh |
| 653 ## - INDEX TERM--UNCONTROLLED | |
| Arrived date list | June2012 |
| -- | September2012 |
| 700 1# - ADDED ENTRY--PERSONAL NAME | |
| Personal name | Beardsley, Robert S. |
| 9 (RLIN) | 30132 |
| 700 1# - ADDED ENTRY--PERSONAL NAME | |
| Personal name | Kimberlin, Carole L. |
| 9 (RLIN) | 30133 |
| 700 1# - ADDED ENTRY--PERSONAL NAME | |
| Personal name | Tindall, William N. |
| 9 (RLIN) | 30134 |
| 942 ## - ADDED ENTRY ELEMENTS (KOHA) | |
| Source of classification or shelving scheme | Dewey Decimal Classification |
| Item type | Book - Borrowing |
| Withdrawn status | Item status | Source of classification or shelving scheme | Damaged status | Not for loan | Vendor | Home library | Current library | Shelving location | Date acquired | Source of acquisition | Cost, normal purchase price | Serial Enumeration / chronology | Total Checkouts | Total Renewals | Full call number | Barcode | Date last seen | Date last borrowed | Koha item type |
|---|---|---|---|---|---|---|---|---|---|---|---|---|---|---|---|---|---|---|---|
| Lost and Paid For | Dewey Decimal Classification | Donation-Gift | Central Library | Central Library | First floor | 18/06/2012 | Donation | 180.00 | 15306 | 3 | 37 | 615.1 COM | 000026832 | 28/05/2015 | 15/12/2014 | Book - Borrowing | |||
| Dewey Decimal Classification | Donation-Gift | Central Library | Central Library | First floor | 18/06/2012 | Donation | 180.00 | 15306 | 4 | 2 | 615.1 COM | 000026833 | 15/07/2025 | 27/10/2018 | Book - Borrowing | ||||
| Dewey Decimal Classification | Baccah | Central Library | Central Library | First floor | 25/09/2012 | 180.00 | 3 | 615.1 COM | 000027385 | 15/07/2025 | NB - Book (Non borrowing) | ||||||||
| Dewey Decimal Classification | Baccah | Central Library | Central Library | First floor | 25/09/2012 | 180.00 | 3 | 1 | 615.1 COM | 000027386 | 15/07/2025 | 07/11/2023 | Book - Borrowing | ||||||
| Dewey Decimal Classification | Baccah | Central Library | Central Library | First floor | 25/09/2012 | 180.00 | 3 | 5 | 24 | 615.1 COM | 000027387 | 15/07/2025 | 07/11/2023 | Book - Borrowing | |||||
| Dewey Decimal Classification | Baccah | Central Library | Central Library | First floor | 25/09/2012 | 180.00 | 3 | 4 | 10 | 615.1 COM | 000027388 | 15/07/2025 | 17/01/2016 | Book - Borrowing | |||||
| Dewey Decimal Classification | Baccah | Central Library | Central Library | First floor | 25/09/2012 | 180.00 | 3 | 2 | 12 | 615.1 COM | 000027389 | 15/07/2025 | 12/02/2018 | Book - Borrowing | |||||
| Dewey Decimal Classification | Baccah | Central Library | Central Library | First floor | 25/09/2012 | 180.00 | 3 | 7 | 2 | 615.1 COM | 000027390 | 15/07/2025 | 12/02/2025 | Book - Borrowing | |||||
| Dewey Decimal Classification | Baccah | Central Library | Central Library | First floor | 25/09/2012 | 180.00 | 3 | 1 | 1 | 615.1 COM | 000027391 | 15/07/2025 | 29/10/2014 | Book - Borrowing | |||||
| Dewey Decimal Classification | Baccah | Central Library | Central Library | First floor | 25/09/2012 | 180.00 | 3 | 5 | 2 | 615.1 COM | 000027392 | 15/07/2025 | 10/01/2016 | Book - Borrowing | |||||
| Dewey Decimal Classification | Donation-Gift | Central Library | Central Library | First floor | 28/05/2015 | Donation | 180.00 | 15306 | 1 | 615.1 COM | 000038366 | 15/07/2025 | 22/11/2015 | Book - Borrowing |